000 00825nam a22002531i 4500
001 10634
003 ES-MaACL
005 20260310172335.0
007 t|
008 951003s1995 sp ||||0| spa j
020 _a84-481-0104-9
080 _a316
100 1 _aRitzer, George.
_997497
245 1 0 _aTeoría sociológica clásica /
_cGeorge Ritzer ; traducción, María Teresa Casado Rodríguez ; revisión técnica, Amparo Almarcha Barbado.
260 _aMadrid :
_bMcGraw-Hill,
_cD.L. 1995.
300 _aXX, 522 p. :
_bil. ;
_c24 cm.
500 _aIndices.
504 _aBibliografía: p. 451-481.
650 7 _aSociología
_2embne
_917195
700 1 _aCasado Rodríguez, María Teresa.
_936027
700 0 _aAlmarcha Barbado, Amparo
_920097
852 _aES-MaACL
_jL-18007
_bR.123962
999 _c10634
_d10634